000 00711nam a2200205 ar4500
001 4632
005 20221127091009.0
008 170220s xxk a 00110|eng d
020 _a0415234654(pbk)
082 0 4 _a420.141
_bW892 2001
245 0 0 _aWorking with texts :
_ba core introduction to language analysis /
_cRonald Carter ...[et al.].
250 _a2nd edition.
260 _aLondon ;
_aNew York :
_bRoutledge,
_c2001.
300 _axviii, 342 p. :
_bill. ;
_c25 cm.
504 _aIncludes bibl. references and index.
508 _aFirst published : 1997.
650 4 _aEnglish language
_vProblems, exercises, etc.
650 4 _aWritten communication
_vProblems, exercises, etc.
700 0 _aCarter, Ronald.
999 _c4630
_d4630